| 000 | 00589nam a2200169 i 4500 | ||
|---|---|---|---|
| 001 | 60613 | ||
| 003 | ES-MaACL | ||
| 005 | 20230906164254.0 | ||
| 007 | t| | ||
| 008 | 031105s1958 sp ||||1| spa d | ||
| 100 | 1 |
_aEstefani y Robles, Enrique G. _948090 |
|
| 245 | 1 | 3 |
_aEl hospedaje y sus problemas _b: comentarios a la Regalmentación de 14 de junio de 1957 / _cEnrique G. Estefani y Robles y José Visedo López. |
| 260 |
_aMadrid : _b[s.n., _c1958] ( _fGráf. Expres) |
||
| 300 |
_a237 p. ; _c17 cm. |
||
| 700 | 1 |
_aVisedo López, José. _9115483 |
|
| 852 |
_aES-MaACL _jC-15219 _bR.42504 |
||
| 999 |
_c60613 _d60613 |
||